FIFA World Cup 2010: Quarterfinal Netherlands vs Brazil - Statistics

General Stats
  • This quiz has been taken 122 times
  • The average score is 16 of 27
Answer Stats
# Team Position Player % Correct
11 Bayern München FW Arjen Robben
90%
1 Inter Milan GK Júlio César
90%
9 Arsenal FC FW / out 85' Robin van Persie
89%
10 Inter Milan MF / 2 goals Wesley Sneijder
85%
2 Inter Milan DF Maicon
83%
10 Real Madrid MF Kaká
81%
3 Inter Milan DF Lúcio
79%
7 Liverpool FC FW Dirk Kuyt
78%
8 Manchester City MF Nigel de Jong
75%
11 Santos FC FW / 1 goal Robinho
74%
13 FC Barcelona DF Dani Alves
72%
1 AFC Ajax GK Maarten Stekelenburg
70%
6 Bayern München MF Mark van Bommel
63%
3 Everton FC DF John Heitinga
55%
5 Juventus FC MF / red card 73' Felipe Melo
52%
5 Feyenoord DF Giovanni van Bronckhorst
50%
9 Sevilla FC FW / out 77' Luís Fabiano
49%
21 AC Milan FW / in 85' Klaas Jan Huntelaar
46%
2 AFC Ajax DF Gregory van der Wiel
44%
4 AS Roma DF Juan
43%
8 Panathinaikos MF Gilberto Silva
41%
Coach Dunga
37%
Coach Bert van Marwijk
34%
6 Olympique Lyonnais MF / out 62' Michel Bastos
33%
21 Villarreal CF FW / in 77' Nilmar
28%
16 Cruzeiro EC MF / in 62' Gilberto
24%
13 PSV Eindhoven DF André Ooijer
19%
No matching quizzes found
Score Distribution
Percent of People with Each Score
Percentile by Number Answered
Your Score History
You have not taken this quiz